Rogues of Wall Street : how to manage risk in the cognitive era /

Bibliographic Details
Main Author: Waxman, Andrew B., (Author)
Format: eBook
Language:English
Published: Hoboken, New Jersey : Wiley : IBM Press, 2017.
Subjects:
Online Access:Click to View
LEADER 01810nam a2200433 i 4500
001 EBC4838303
003 MiAaPQ
005 20200520144314.0
006 m o d |
007 cr cnu||||||||
008 170426t20172017njua o 001 0 eng d
020 |z 9781119380146 
020 |a 9781119380177  |q (electronic bk.) 
035 |a (MiAaPQ)EBC4838303 
035 |a (Au-PeEL)EBL4838303 
035 |a (CaPaEBR)ebr11371475 
035 |a (CaONFJC)MIL1005560 
035 |a (OCoLC)983734821 
040 |a MiAaPQ  |b eng  |e rda  |e pn  |c MiAaPQ  |d MiAaPQ 
050 4 |a HG173  |b .W396 2017 
082 0 |a 332  |2 23 
100 1 |a Waxman, Andrew B.,  |e author. 
245 1 0 |a Rogues of Wall Street :  |b how to manage risk in the cognitive era /  |c Andrew B. Waxman. 
264 1 |a Hoboken, New Jersey :  |b Wiley :  |b IBM Press,  |c 2017. 
264 4 |c 2017 
300 |a 1 online resource (243 pages) :  |b illustrations 
336 |a text  |2 rdacontent 
337 |a computer  |2 rdamedia 
338 |a online resource  |2 rdacarrier 
500 |a Includes index. 
588 |a Description based on online resource; title from PDF title page (ebrary, viewed April 26, 2017). 
590 |a Electronic reproduction. Ann Arbor, MI : ProQuest, 2016. Available via World Wide Web. Access may be limited to ProQuest affiliated libraries. 
650 0 |a Financial services industry  |x Risk management. 
650 0 |a Securities industry  |x Risk management. 
650 0 |a White collar crimes. 
655 4 |a Electronic books. 
776 0 8 |i Print version:  |a Waxman, Andrew B.  |t Rogues of Wall Street : how to manage risk in the cognitive era.  |d Hoboken, New Jersey : Wiley ; IBM Press, c2017   |h xxii, 221 pages   |z 9781119380146 
797 2 |a ProQuest (Firm) 
856 4 0 |u https://ebookcentral.proquest.com/lib/matrademy/detail.action?docID=4838303  |z Click to View